000 01035nam0a22002531 4500
001 rc\1084960
005 20041126173717.6
035 _a(NLR Aleph) 006332825
090 _a7563165
_c7563165
100 _a20041126d1983 u |0rusy50 ca
101 0 _arus
102 _aRU
105 _aa |||||||||
200 1 _aИсследования по аппаратурно-технологическому оформлению и автоматизации химических процессов
_eСб. науч. тр.
_fГос. ин-т прикл. химии
_gПод ред. д. т. н. Ю.В. Шарикова и к. т. н. Е.И. Лесохина
210 _aЛ.
_cГИПХ
_d1983
215 _a113 с.
_cил.
_d21
320 _aБиблиогр. в конце ст.
702 1 _aШариков
_bЮ. В.
_4340
712 0 2 _aИнститут прикладной химии
_cЛенинград
_3RU\NLR\AUTH\8810007513
801 0 _aRU
_bNLR
_gpsbo
801 1 _aRU
_bELAR
_2rusmarc
852 _aNLR
_j85-5/1553
942 _cBOOK
980 _aNB